[Event "Mitropa Cup (Women) 7th"]
[Site "Chur"]
[Date "2010.05.29"]
[Round "1"]
[White "Franciskovic, Borka"]
[Black "Hoolt, Sarah"]
[Result "0-1"]
[WhiteElo "2261"]
[BlackElo "2223"]
[PlyCount "112"]
[EventDate "2010.05.29"]
[EventType "team-tourn"]
[EventRounds "9"]
[EventCountry "SUI"]
[Source "ChessBase"]
[SourceDate "2010.07.02"]
[WhiteTeam "Croatia (W)"]
[BlackTeam "Germany (W)"]
[WhiteTeamCountry "CRO"]
[BlackTeamCountry "GER"]

1. c4 Nf6 2. Nc3 e5 3. g3 g6 4. Bg2 Bg7 5. Nf3 Nc6 6. d4 exd4 7. Nxd4 O-O 8.
O-O Re8 9. e3 Ne5 10. b3 d6 11. h3 Bd7 12. e4 a6 13. Be3 c5 14. Nde2 Qb8 15.
Rc1 Bc6 16. Nf4 b5 17. Ncd5 Ned7 18. Nxf6+ Bxf6 19. Nd5 Bg7 20. Re1 Qb7 21. Qd2
bxc4 22. Rxc4 a5 23. Bf4 Ne5 24. Rcc1 Bxd5 25. exd5 a4 26. Rb1 axb3 27. axb3
Ra3 28. Qc2 Qa8 29. Re2 Rb8 30. Kh2 Qa6 31. Rd2 Qb6 32. Bxe5 Bxe5 33. Rd3 Qa6
34. Rf3 Ra2 35. Bf1 Qa7 36. Qd1 c4 37. Kg2 c3 38. Bd3 Rd2 39. Qe1 Ra8 40. Rc1
Qa3 41. Bc4 Qb4 42. Ra1 Raa2 43. Rxa2 Rxa2 44. Re3 Qa3 45. Rxe5 dxe5 46. Qxc3
Qc5 47. Qf3 e4 48. Qf4 e3 49. b4 Qxb4 50. Qxe3 Qxc4 51. Qe8+ Kg7 52. Qe5+ Kh6
53. Qe3+ g5 54. Qe5 Ra6 55. h4 gxh4 56. f4 Rg6 0-1

[Event "Mitropa Cup (Women) 7th"]
[Site "Chur"]
[Date "2010.05.29"]
[Round "1"]
[White "Fuchs, Judith"]
[Black "Medic, Mirjana"]
[Result "0-1"]
[WhiteElo "2231"]
[BlackElo "2271"]
[PlyCount "144"]
[EventDate "2010.05.29"]
[EventType "team-tourn"]
[EventRounds "9"]
[EventCountry "SUI"]
[Source "ChessBase"]
[SourceDate "2010.07.02"]
[WhiteTeam "Germany (W)"]
[BlackTeam "Croatia (W)"]
[WhiteTeamCountry "GER"]
[BlackTeamCountry "CRO"]

1. e4 e6 2. d4 d5 3. Nc3 Bb4 4. exd5 exd5 5. Bd3 Nc6 6. a3 Be7 7. Bf4 Be6 8.
Nf3 g5 9. Bd2 a6 10. Ne2 h6 11. c3 Qd7 12. Qc2 Nf6 13. Ng3 Bd6 14. O-O-O Bxg3
15. hxg3 O-O-O 16. Rde1 Ng4 17. Re2 Na5 18. b3 Kb8 19. Kb2 Nc6 20. a4 Na7 21.
c4 Nc6 22. Bc3 Ne7 23. c5 Ka7 24. b4 b6 25. Rb1 Rde8 26. b5 a5 27. Qd2 Bf5 28.
c6 Qc8 29. Bxf5 Nxf5 30. Ne5 Nd6 31. Ka1 Ne4 32. Rxe4 dxe4 33. Nd7 e3 34. Qe2
Nxf2 35. Bxa5 Re7 36. Bb4 Rxd7 37. cxd7 Qxd7 38. Qxe3 Ng4 39. Qa3 Kb8 40. Rd1
Re8 41. a5 Ne3 42. Rc1 Nd5 43. axb6 Nxb6 44. Bc5 Re6 45. Qd3 Qd5 46. Qf3 Qxf3
47. gxf3 Nd5 48. Kb2 Re3 49. Rf1 Kb7 50. Bf8 h5 51. Bc5 f6 52. Rf2 Kc8 53. Kc2
Kd7 54. Kd2 Rb3 55. Kc2 Rc3+ 56. Kd2 Ke6 57. b6 cxb6 58. Bxb6 Ra3 59. Bc5 Ra2+
60. Ke1 Ra1+ 61. Kd2 Rg1 62. Re2+ Kf5 63. Bd6 Ra1 64. Kd3 Rc1 65. Kd2 Rf1 66.
Rh2 Rxf3 67. Rxh5 Ke4 68. Ke2 Nc3+ 69. Kd2 Kxd4 70. Be7 Ne4+ 71. Ke1 Re3+ 72.
Kd1 Nc3+ 0-1

[Event "Mitropa Cup (Women) 7th"]
[Site "Chur"]
[Date "2010.05.29"]
[Round "1"]
[White "Havlikova, Kristyna"]
[Black "Krivec, Jana"]
[Result "1-0"]
[WhiteElo "2251"]
[BlackElo "2340"]
[PlyCount "37"]
[EventDate "2010.05.29"]
[EventType "team-tourn"]
[EventRounds "9"]
[EventCountry "SUI"]
[Source "ChessBase"]
[SourceDate "2010.07.02"]
[WhiteTeam "Czech Republic (W)"]
[BlackTeam "Slovenia (W)"]
[WhiteTeamCountry "CZE"]
[BlackTeamCountry "SLO"]

1. e4 e5 2. Nf3 d6 3. d4 exd4 4. Nxd4 Nf6 5. Nc3 Be7 6. Bd3 d5 7. e5 Ng4 8. e6
Nf6 9. exf7+ Kxf7 10. O-O c5 11. Nf5 Bf8 12. Bg5 Be6 13. Qf3 Nbd7 14. Rfe1 Qb6
15. Bb5 Qc7 16. Nh6+ gxh6 17. Bxd7 hxg5 18. Bxe6+ Kg7 19. Qxf6+ 1-0

[Event "Mitropa Cup (Women) 7th"]
[Site "Chur"]
[Date "2010.05.29"]
[Round "1"]
[White "Rozic, Vesna"]
[Black "Olsarova, Karolina"]
[Result "1-0"]
[WhiteElo "2271"]
[BlackElo "2191"]
[PlyCount "57"]
[EventDate "2010.05.29"]
[EventType "team-tourn"]
[EventRounds "9"]
[EventCountry "SUI"]
[Source "ChessBase"]
[SourceDate "2010.07.02"]
[WhiteTeam "Slovenia (W)"]
[BlackTeam "Czech Republic (W)"]
[WhiteTeamCountry "SLO"]
[BlackTeamCountry "CZE"]

1. d4 d5 2. Bf4 Nf6 3. e3 Bf5 4. c4 c6 5. Nc3 e6 6. Qb3 Qb6 7. c5 Qxb3 8. axb3
Nfd7 9. b4 Be7 10. Nf3 O-O 11. b5 cxb5 12. Bxb5 Rc8 13. O-O Nc6 14. Ra3 a6 15.
Rfa1 Ndb8 16. Be2 Nb4 17. Bd1 N8c6 18. Rb3 Ra7 19. Ne5 Nxe5 20. Bxe5 Nc6 21.
Bg3 Bd8 22. Na4 f6 23. Nb6 Bxb6 24. cxb6 Raa8 25. Bc7 e5 26. dxe5 fxe5 27. Rc3
Kf7 28. Rxc6 bxc6 29. b7 1-0

[Event "Mitropa Cup (Women) 7th"]
[Site "Chur"]
[Date "2010.05.29"]
[Round "1"]
[White "Maisuradze, Nino"]
[Black "Rudolf, Anna"]
[Result "1-0"]
[WhiteElo "2250"]
[BlackElo "2344"]
[PlyCount "71"]
[EventDate "2010.05.29"]
[EventType "team-tourn"]
[EventRounds "9"]
[EventCountry "SUI"]
[Source "ChessBase"]
[SourceDate "2010.07.02"]
[WhiteTeam "France (W)"]
[BlackTeam "Hungary (W)"]
[WhiteTeamCountry "FRA"]
[BlackTeamCountry "HUN"]

1. d4 e6 2. c4 Nf6 3. Nf3 Bb4+ 4. Nbd2 O-O 5. a3 Be7 6. e4 d5 7. e5 Nfd7 8. b4
a5 9. b5 c5 10. Bb2 cxd4 11. cxd5 exd5 12. Be2 Nc5 13. Nxd4 f6 14. N2f3 fxe5
15. Nxe5 Nbd7 16. Nxd7 Bxd7 17. Bf3 Bf6 18. O-O Be8 19. Rc1 Rc8 20. Rxc5 Rxc5
21. Ne6 Qd6 22. Nxc5 Bxb2 23. Qxd5+ Qxd5 24. Bxd5+ Kh8 25. a4 b6 26. Ne6 Rf5
27. Rd1 Bf6 28. f4 Bf7 29. g4 Rxd5 30. Rxd5 Bxe6 31. Rd6 Bxg4 32. Kg2 h6 33.
Kg3 h5 34. Rxb6 Bd1 35. Rxf6 h4+ 36. Kf2 1-0

[Event "Mitropa Cup (Women) 7th"]
[Site "Chur"]
[Date "2010.05.29"]
[Round "1"]
[White "Papp, Petra"]
[Black "Flear, Christine"]
[Result "1-0"]
[WhiteElo "2270"]
[BlackElo "2170"]
[PlyCount "81"]
[EventDate "2010.05.29"]
[EventType "team-tourn"]
[EventRounds "9"]
[EventCountry "SUI"]
[Source "ChessBase"]
[SourceDate "2010.07.02"]
[WhiteTeam "Hungary (W)"]
[BlackTeam "France (W)"]
[WhiteTeamCountry "HUN"]
[BlackTeamCountry "FRA"]

1. e4 c5 2. Nf3 e6 3. d4 cxd4 4. Nxd4 a6 5. c4 Nf6 6. Nc3 Qc7 7. a3 d6 8. Be3
Be7 9. Be2 Nbd7 10. O-O O-O 11. f3 b6 12. Qd2 Bb7 13. Rac1 Rac8 14. b4 Qb8 15.
Rc2 Rfe8 16. Rb1 Bd8 17. Kh1 Qa8 18. Nb3 Bc7 19. Bf1 h5 20. Bg1 Ne5 21. Na4 h4
22. Bxb6 h3 23. Bxc7 hxg2+ 24. Bxg2 Nxf3 25. Bxf3 Nxe4 26. Qe3 Ng3+ 27. hxg3
Bxf3+ 28. Kh2 Rxc7 29. Nd2 Bg4 30. Rf1 f5 31. Nf3 e5 32. Nb6 Qd8 33. Qg5 Qb8
34. Nd5 Rf7 35. Nh4 Qc8 36. Ne3 f4 37. Qxg4 fxe3 38. Qxc8 Rxc8 39. Rxf7 Kxf7
40. Nf5 Rh8+ 41. Kg2 1-0

[Event "Mitropa Cup (Women) 7th"]
[Site "Chur"]
[Date "2010.05.29"]
[Round "1"]
[White "Mrvova, Alena"]
[Black "Heinatz, Gundula"]
[Result "0-1"]
[WhiteElo "2298"]
[BlackElo "2220"]
[PlyCount "148"]
[EventDate "2010.05.29"]
[EventType "team-tourn"]
[EventRounds "9"]
[EventCountry "SUI"]
[Source "ChessBase"]
[SourceDate "2010.07.02"]
[WhiteTeam "Slovakia (W)"]
[BlackTeam "Switzerland (W)"]
[WhiteTeamCountry "SVK"]
[BlackTeamCountry "SUI"]

1. e4 c5 2. Nf3 Nc6 3. d4 cxd4 4. Nxd4 g6 5. Be2 Bg7 6. Be3 Nf6 7. Nc3 O-O 8.
Nb3 d6 9. f3 a6 10. O-O Qc7 11. Qe1 Ne5 12. Qf2 Be6 13. Rfd1 Nfd7 14. Nd4 Bc4
15. f4 Bxe2 16. Qxe2 Nc6 17. Nd5 Qd8 18. Nf3 Re8 19. Rab1 b5 20. c3 Rc8 21. Bf2
Qa5 22. a3 e6 23. Ne3 Qc7 24. c4 Nc5 25. cxb5 axb5 26. Nc2 Na7 27. Nb4 Red8 28.
Rbc1 Qb7 29. Re1 Nc6 30. Nxc6 Rxc6 31. Rcd1 Rcc8 32. e5 d5 33. Nd4 b4 34. Nb5
Ne4 35. Bd4 Bf8 36. a4 Rc4 37. b3 Rxd4 38. Rxd4 Bc5 39. Kf1 Bxd4 40. Nxd4 Qb6
41. Nb5 Rc8 42. Qe3 Qxe3 43. Rxe3 Rc1+ 44. Ke2 Rc2+ 45. Kf1 Kf8 46. Nd4 Rf2+
47. Kg1 Rd2 48. Nf3 Rb2 49. h3 Ke7 50. Rd3 h6 51. Nd4 Kd7 52. g4 Nc5 53. Rf3
Rd2 54. Nb5 d4 55. f5 d3 56. Nd6 gxf5 57. gxf5 Rc2 58. Nc4 d2 59. Nxd2 Rxd2 60.
fxe6+ Kxe6 61. Rf6+ Kxe5 62. Rxh6 Nxb3 63. Rb6 Rd4 64. Rb5+ Kf4 65. Kf2 Nd2 66.
a5 Ne4+ 67. Ke1 Nc3 68. Rb7 f5 69. a6 Rd1+ 70. Kf2 Ne4+ 71. Ke2 Rd2+ 72. Ke1
Ra2 73. a7 b3 74. Kd1 Ra1+ 0-1

[Event "Mitropa Cup (Women) 7th"]
[Site "Chur"]
[Date "2010.05.29"]
[Round "1"]
[White "Seps, Monika"]
[Black "Machalova, Veronika"]
[Result "0-1"]
[WhiteElo "2181"]
[BlackElo "2214"]
[PlyCount "76"]
[EventDate "2010.05.29"]
[EventType "team-tourn"]
[EventRounds "9"]
[EventCountry "SUI"]
[Source "ChessBase"]
[SourceDate "2010.07.02"]
[WhiteTeam "Switzerland (W)"]
[BlackTeam "Slovakia (W)"]
[WhiteTeamCountry "SUI"]
[BlackTeamCountry "SVK"]

1. e4 c5 2. Nf3 d6 3. d4 cxd4 4. Nxd4 Nf6 5. Nc3 Nc6 6. Bg5 e6 7. Qd2 a6 8.
O-O-O Bd7 9. f4 b5 10. Bxf6 gxf6 11. Kb1 Qb6 12. Nxc6 Bxc6 13. f5 Qc5 14. Bd3
h5 15. fxe6 fxe6 16. e5 fxe5 17. Bg6+ Kd7 18. Qd3 Qc4 19. Qe3 Rg8 20. Bxh5 b4
21. Ne2 Rxg2 22. Qxe5 Bd5 23. b3 Qxc2+ 24. Kxc2 dxe5 25. Kb1 Kc7 26. Ng3 Kb6
27. Bg6 Rc8 28. Rhf1 Rxh2 29. Nh5 Bc5 30. Nf6 Bd4 31. Nxd5+ exd5 32. Rf6+ Rc6
33. Rxc6+ Kxc6 34. Rc1+ Bc3 35. Bc2 e4 36. a3 a5 37. axb4 axb4 38. Rg1 e3 0-1

[Event "Mitropa Cup (Women) 7th"]
[Site "Chur"]
[Date "2010.05.30"]
[Round "2"]
[White "Kopinits, Anna Christina"]
[Black "Mrvova, Alena"]
[Result "1/2-1/2"]
[WhiteElo "2158"]
[BlackElo "2298"]
[PlyCount "93"]
[EventDate "2010.05.29"]
[EventType "team-tourn"]
[EventRounds "9"]
[EventCountry "SUI"]
[Source "ChessBase"]
[SourceDate "2010.07.02"]
[WhiteTeam "Austria (W)"]
[BlackTeam "Slovakia (W)"]
[WhiteTeamCountry "AUT"]
[BlackTeamCountry "SVK"]

1. e4 c5 2. Nf3 d6 3. d4 cxd4 4. Nxd4 Nf6 5. Nc3 e6 6. Be2 Be7 7. O-O a6 8. a4
O-O 9. Kh1 Qc7 10. f4 Nc6 11. Bf3 Bd7 12. g4 Nxd4 13. Qxd4 Bc6 14. g5 Nd7 15.
Qf2 b5 16. Be3 b4 17. Ne2 Nc5 18. Ng3 Rfd8 19. b3 Bb7 20. Rad1 Bf8 21. Rd2 d5
22. exd5 exd5 23. Rfd1 Ne4 24. Nxe4 dxe4 25. Bg2 Rxd2 26. Rxd2 Rd8 27. h3 Rxd2
28. Qxd2 Qc6 29. Kh2 h6 30. gxh6 Qxh6 31. Qd7 Qc6 32. Qxc6 Bxc6 33. Bf1 Bb7 34.
f5 Bd6+ 35. Kg2 Be5 36. Kf2 Kh7 37. Bc4 g6 38. f6 Kg8 39. Bg5 Bd4+ 40. Ke2 Kf8
41. Kd2 Ke8 42. h4 a5 43. Bb5+ Kf8 44. Bc4 Bc6 45. Bh6+ Kg8 46. Bg5 Kf8 47.
Bh6+ 1/2-1/2

[Event "Mitropa Cup (Women) 7th"]
[Site "Chur"]
[Date "2010.05.30"]
[Round "2"]
[White "Machalova, Veronika"]
[Black "Schink, Barbara"]
[Result "1-0"]
[WhiteElo "2214"]
[BlackElo "2063"]
[PlyCount "105"]
[EventDate "2010.05.29"]
[EventType "team-tourn"]
[EventRounds "9"]
[EventCountry "SUI"]
[Source "ChessBase"]
[SourceDate "2010.07.02"]
[WhiteTeam "Slovakia (W)"]
[BlackTeam "Austria (W)"]
[WhiteTeamCountry "SVK"]
[BlackTeamCountry "AUT"]

1. e4 e5 2. Nf3 Nc6 3. Bb5 a6 4. Ba4 Nf6 5. O-O Be7 6. Re1 b5 7. Bb3 O-O 8. h3
d6 9. c3 Na5 10. Bc2 c5 11. d4 Qc7 12. Nbd2 Rd8 13. d5 Bd7 14. Nf1 g6 15. Bg5
Nb7 16. Qd2 Re8 17. Ng3 c4 18. Rad1 Qd8 19. Be3 a5 20. Nh2 Bf8 21. f4 Bh6 22.
Qf2 exf4 23. Bxf4 Bxf4 24. Qxf4 Kg7 25. Rf1 Qe7 26. Rd2 Ng8 27. Rdf2 f6 28. Nf3
Nd8 29. Nd4 Nf7 30. Qd2 Ne5 31. Rf4 Rf8 32. Qe2 Rac8 33. Nh1 Nh6 34. g4 Rce8
35. Ng3 Ng8 36. Qg2 b4 37. cxb4 axb4 38. Qd2 Rb8 39. Bb1 Rfc8 40. Nge2 Qd8 41.
Qe3 Qb6 42. Kh1 Qa5 43. Qf2 Qd8 44. Nc6 Nxc6 45. dxc6 Bxc6 46. g5 f5 47. Nd4
Qe8 48. Nxc6 Qxc6 49. Qd4+ Kf7 50. Kh2 Qc5 51. exf5 Qxd4 52. fxg6+ Kg7 53. Rf7+
1-0

[Event "Mitropa Cup (Women) 7th"]
[Site "Chur"]
[Date "2010.05.30"]
[Round "2"]
[White "Brunello, Marina"]
[Black "Franciskovic, Borka"]
[Result "0-1"]
[WhiteElo "2218"]
[BlackElo "2261"]
[PlyCount "70"]
[EventDate "2010.05.29"]
[EventType "team-tourn"]
[EventRounds "9"]
[EventCountry "SUI"]
[Source "ChessBase"]
[SourceDate "2010.07.02"]
[WhiteTeam "Italy (W)"]
[BlackTeam "Croatia (W)"]
[WhiteTeamCountry "ITA"]
[BlackTeamCountry "CRO"]

1. e4 c6 2. d4 d5 3. e5 Bf5 4. Nf3 e6 5. Be2 Nd7 6. O-O Bg6 7. Nbd2 Nh6 8. c3
Be7 9. Ne1 O-O 10. Ndf3 Nf5 11. Nd3 c5 12. Nf4 cxd4 13. cxd4 Rc8 14. g3 Qb6 15.
h4 h6 16. Kg2 Nb8 17. b3 Bh7 18. Bd3 Nc6 19. Bb2 Nb4 20. Bb1 Nc2 21. Kh3 Nxa1
22. Bxa1 Ba3 23. g4 Rc1 24. Qd3 Rxf1 25. Qxf1 Ne7 26. Bxh7+ Kxh7 27. Qd3+ Kg8
28. g5 Qa6 29. Qd1 Ng6 30. Nh5 hxg5 31. Nxg5 Be7 32. a4 Bxg5 33. hxg5 Rc8 34.
Bb2 Qc6 35. Ba3 Qc2 0-1

[Event "Mitropa Cup (Women) 7th"]
[Site "Chur"]
[Date "2010.05.30"]
[Round "2"]
[White "Havlikova, Kristyna"]
[Black "Fuchs, Judith"]
[Result "1/2-1/2"]
[WhiteElo "2251"]
[BlackElo "2231"]
[PlyCount "110"]
[EventDate "2010.05.29"]
[EventType "team-tourn"]
[EventRounds "9"]
[EventCountry "SUI"]
[Source "ChessBase"]
[SourceDate "2010.07.02"]
[WhiteTeam "Czech Republic (W)"]
[BlackTeam "Germany (W)"]
[WhiteTeamCountry "CZE"]
[BlackTeamCountry "GER"]

1. e4 c6 2. d4 d5 3. f3 e5 4. dxe5 Bc5 5. Nc3 Be6 6. exd5 cxd5 7. Bb5+ Nc6 8.
Nge2 Qc7 9. Bxc6+ bxc6 10. f4 Nh6 11. Nd4 O-O 12. Be3 Bxd4 13. Qxd4 Nf5 14. Qc5
Nxe3 15. Qxe3 c5 16. Qg3 d4 17. Ne4 Bf5 18. Nf6+ Kh8 19. Nh5 Bg6 20. Qg4 Qa5+
21. Kd1 Rab8 22. f5 Bxh5 23. Qxh5 Rxb2 24. f6 gxf6 25. Qh6 Qd8 26. Qxf6+ Qxf6
27. exf6 Rb6 28. Rf1 Rg8 29. g3 Rg6 30. Kd2 Rgxf6 31. Kd3 Kg7 32. Rxf6 Kxf6 33.
Kc4 Rb2 34. Rc1 Rxa2 35. Kxc5 Ke5 36. Re1+ Kf6 37. Rc1 Ke5 38. Re1+ Kf5 39.
Kxd4 Rxc2 40. Rf1+ Kg6 41. Ra1 Rc7 42. Ra5 Re7 43. Kd3 f6 44. Kd4 Re2 45. Rxa7
Rxh2 46. Ke3 Rb2 47. Kf4 Rb4+ 48. Kf3 Rb5 49. Rc7 h6 50. Rc8 Kf5 51. Rc4 Rb3+
52. Kf2 Kg5 53. Rc5+ Kg6 54. Ra5 f5 55. Ra8 Rb2+ 1/2-1/2

[Event "Mitropa Cup (Women) 7th"]
[Site "Chur"]
[Date "2010.05.30"]
[Round "2"]
[White "Hoolt, Sarah"]
[Black "Olsarova, Karolina"]
[Result "1/2-1/2"]
[WhiteElo "2223"]
[BlackElo "2191"]
[PlyCount "109"]
[EventDate "2010.05.29"]
[EventType "team-tourn"]
[EventRounds "9"]
[EventCountry "SUI"]
[Source "ChessBase"]
[SourceDate "2010.07.02"]
[WhiteTeam "Germany (W)"]
[BlackTeam "Czech Republic (W)"]
[WhiteTeamCountry "GER"]
[BlackTeamCountry "CZE"]

1. e4 e5 2. Nf3 Nc6 3. Bc4 Nf6 4. d3 Bc5 5. Bb3 d6 6. c3 Bb6 7. O-O Ne7 8. Bg5
Ng6 9. Nh4 Nxh4 10. Bxh4 h6 11. Bxf6 Qxf6 12. Nd2 c6 13. Nc4 Bc7 14. d4 O-O 15.
dxe5 dxe5 16. Qe2 Be6 17. Ne3 Rad8 18. Rad1 Bxb3 19. axb3 Qe6 20. b4 g6 21. b5
Kg7 22. bxc6 bxc6 23. Nc4 Bb6 24. g3 Rfe8 25. Kg2 Bc7 26. Ra1 Bb8 27. Rfd1 Qc8
28. Rxd8 Rxd8 29. Rd1 Bc7 30. Rd3 Rxd3 31. Qxd3 Qe6 32. b3 Bb6 33. Qd6 Qxd6 34.
Nxd6 Kf6 35. Nc4 Ke6 36. g4 Bd8 37. f3 Bc7 38. h4 Bd8 39. Kg3 h5 40. gxh5 gxh5
41. Ne3 Kf6 42. Nf5 Ba5 43. c4 Bb6 44. Kg2 a5 45. Kf1 Bc5 46. Ke2 Bb6 47. Kf1
Bc5 48. Kg2 Bb6 49. Ng3 Kg6 50. Ne2 Kf6 51. Nc1 Bd4 52. Nd3 Ke6 53. Kg3 f5 54.
Kg2 Kf6 55. Kf1 1/2-1/2

[Event "Mitropa Cup (Women) 7th"]
[Site "Chur"]
[Date "2010.05.30"]
[Round "2"]
[White "Flear, Christine"]
[Black "De Seroux, Camille"]
[Result "1-0"]
[WhiteElo "2170"]
[BlackElo "2028"]
[PlyCount "61"]
[EventDate "2010.05.29"]
[EventType "team-tourn"]
[EventRounds "9"]
[EventCountry "SUI"]
[Source "ChessBase"]
[SourceDate "2010.07.02"]
[WhiteTeam "France (W)"]
[BlackTeam "Switzerland (W)"]
[WhiteTeamCountry "FRA"]
[BlackTeamCountry "SUI"]

1. d4 Nf6 2. c4 g6 3. Nc3 Bg7 4. e4 d6 5. Be2 O-O 6. Bg5 c5 7. d5 h6 8. Bf4 a6
9. a4 Nbd7 10. h3 Ne5 11. Nf3 Nxf3+ 12. Bxf3 Nd7 13. Qd2 g5 14. Be3 Ne5 15. Be2
Ng6 16. g3 e6 17. h4 f6 18. dxe6 Bxe6 19. Rd1 Ne5 20. Qxd6 Qxd6 21. Rxd6 Bxc4
22. Bxc5 Rfc8 23. Bd4 Bxe2 24. Kxe2 Nc4 25. Rd7 Nxb2 26. Nd5 Rc2+ 27. Kf3 Nxa4
28. hxg5 Rc4 29. Bxf6 Bxf6 30. Nxf6+ Kf8 31. Rxh6 1-0

[Event "Mitropa Cup (Women) 7th"]
[Site "Chur"]
[Date "2010.05.30"]
[Round "2"]
[White "Heinatz, Gundula"]
[Black "Maisuradze, Nino"]
[Result "0-1"]
[WhiteElo "2220"]
[BlackElo "2250"]
[PlyCount "100"]
[EventDate "2010.05.29"]
[EventType "team-tourn"]
[EventRounds "9"]
[EventCountry "SUI"]
[Source "ChessBase"]
[SourceDate "2010.07.02"]
[WhiteTeam "Switzerland (W)"]
[BlackTeam "France (W)"]
[WhiteTeamCountry "SUI"]
[BlackTeamCountry "FRA"]

1. Nf3 c5 2. g3 Nc6 3. Bg2 e5 4. d3 d5 5. Nbd2 Be7 6. O-O Be6 7. c3 h5 8. h4 f6
9. c4 Qd7 10. cxd5 Bxd5 11. a3 Nh6 12. Nc4 Nf7 13. Bd2 e4 14. Ne1 Bxc4 15. dxc4
O-O-O 16. Qc2 Qxd2 17. Qxe4 Qd7 18. Nd3 f5 19. Qe3 Nd4 20. Rad1 Qe6 21. Nf4
Qxe3 22. fxe3 Nc6 23. Bd5 Nfe5 24. Ne6 Rdg8 25. Rxf5 g6 26. Rff1 Re8 27. Rb1
Nd8 28. Nf4 g5 29. hxg5 Bxg5 30. b4 cxb4 31. Rxb4 Ng4 32. Rfb1 Rh7 33. Bf3 Nxe3
34. Nxh5 Nc2 35. Rb5 Be3+ 36. Kg2 Nxa3 37. Nf6 Nxb5 38. Nxe8 Re7 39. Nf6 Nd4
40. Bg4+ Kb8 41. Rh1 N4c6 42. Rd1 a5 43. Nd5 Re5 44. Rd3 Bc5 45. Nf6 Ka7 46.
Bf3 Re3 47. Rd7 a4 48. g4 a3 49. g5 Bd4 50. Nd5 Re5 0-1

[Event "Mitropa Cup (Women) 7th"]
[Site "Chur"]
[Date "2010.05.30"]
[Round "2"]
[White "Krivec, Jana"]
[Black "Rudolf, Anna"]
[Result "0-1"]
[WhiteElo "2340"]
[BlackElo "2344"]
[PlyCount "114"]
[EventDate "2010.05.29"]
[EventType "team-tourn"]
[EventRounds "9"]
[EventCountry "SUI"]
[Source "ChessBase"]
[SourceDate "2010.07.02"]
[WhiteTeam "Slovenia (W)"]
[BlackTeam "Hungary (W)"]
[WhiteTeamCountry "SLO"]
[BlackTeamCountry "HUN"]

1. e4 e6 2. d3 d5 3. Qe2 Nc6 4. Nf3 dxe4 5. dxe4 e5 6. c3 Nf6 7. Qc2 a5 8. Be2
Bc5 9. Bg5 Qe7 10. Nbd2 O-O 11. a4 b6 12. Nc4 Bb7 13. O-O Qe6 14. b3 Ne8 15.
Nh4 Be7 16. Bxe7 Nxe7 17. Rad1 Nf6 18. Nd2 Qc6 19. Bb5 Qc5 20. Rfe1 Rad8 21.
Bd3 g6 22. Nc4 Nc6 23. Qe2 Rd7 24. Bc2 Rfd8 25. Rxd7 Rxd7 26. Rd1 Qe7 27. Nf3
Kg7 28. Rxd7 Nxd7 29. Ne3 Nd8 30. Qc4 Qd6 31. Nd5 Ne6 32. h3 Nf6 33. Nxf6 Kxf6
34. b4 axb4 35. cxb4 c5 36. b5 Nd4 37. Nxd4 Qxd4 38. Qxd4 exd4 39. Bd3 Ke5 40.
f3 Bc8 41. Bc4 Be6 42. Bxe6 fxe6 43. f4+ Kd6 44. Kf2 c4 45. g4 c3 46. Ke2 Kc5
47. f5 exf5 48. exf5 Kc4 49. f6 c2 50. Kd2 Kb3 51. f7 Kb2 52. f8=Q c1=Q+ 53.
Kd3 Qe3+ 54. Kc4 Qc3+ 55. Kd5 d3 56. Ke4 d2 57. Qd6 Qc2+ 0-1

[Event "Mitropa Cup (Women) 7th"]
[Site "Chur"]
[Date "2010.05.30"]
[Round "2"]
[White "Papp, Petra"]
[Black "Rozic, Vesna"]
[Result "1/2-1/2"]
[WhiteElo "2270"]
[BlackElo "2271"]
[PlyCount "77"]
[EventDate "2010.05.29"]
[EventType "team-tourn"]
[EventRounds "9"]
[EventCountry "SUI"]
[Source "ChessBase"]
[SourceDate "2010.07.02"]
[WhiteTeam "Hungary (W)"]
[BlackTeam "Slovenia (W)"]
[WhiteTeamCountry "HUN"]
[BlackTeamCountry "SLO"]

1. e4 e6 2. d4 d5 3. Nc3 Nf6 4. e5 Nfd7 5. f4 c5 6. Nf3 Nc6 7. Be3 Be7 8. Be2
O-O 9. O-O a6 10. Qd2 b5 11. a3 Qb6 12. Nd1 a5 13. c3 a4 14. Nf2 Na5 15. dxc5
Bxc5 16. Bxc5 Nxc5 17. Qe3 Nc4 18. Bxc4 bxc4 19. Rab1 Rb8 20. Nd4 Bd7 21. Ng4
Kh8 22. Rf3 f5 23. Nf2 Be8 24. Nh3 h6 25. Rff1 Rb7 26. Nf2 Bg6 27. Rfe1 Rfb8
28. Nc2 Qb5 29. Nb4 Nb3 30. Nh1 Bh5 31. Ng3 Qe8 32. Nf1 Qb5 33. Ng3 Qe8 34. Nf1
Qb5 35. Qf2 Rc8 36. Ng3 Qe8 37. Nf1 Qb5 38. Ng3 Qe8 39. Nf1 1/2-1/2

[Event "Mitropa Cup (Women) 7th"]
[Site "Chur"]
[Date "2010.05.31"]
[Round "3"]
[White "Maisuradze, Nino"]
[Black "Exler, Veronika"]
[Result "1-0"]
[WhiteElo "2250"]
[BlackElo "2119"]
[PlyCount "79"]
[EventDate "2010.05.29"]
[EventType "team-tourn"]
[EventRounds "9"]
[EventCountry "SUI"]
[Source "ChessBase"]
[SourceDate "2010.07.02"]
[WhiteTeam "France (W)"]
[BlackTeam "Austria (W)"]
[WhiteTeamCountry "FRA"]
[BlackTeamCountry "AUT"]

1. d4 d5 2. c4 e6 3. Nc3 Bb4 4. Nf3 Nf6 5. cxd5 exd5 6. Bg5 h6 7. Bxf6 Qxf6 8.
e3 O-O 9. Qb3 c5 10. dxc5 Nc6 11. a3 Bxc3+ 12. Qxc3 Qxc3+ 13. bxc3 Bg4 14. Rb1
Rab8 15. Nd4 Ne5 16. f4 Nc6 17. Bb5 Na5 18. h3 Be6 19. f5 Bc8 20. Rb4 Ra8 21.
Ra4 b6 22. cxb6 axb6 23. O-O Ba6 24. Bxa6 Rxa6 25. f6 g6 26. Nc6 b5 27. Ne7+
Kh7 28. Rb4 Nc4 29. Nxd5 Rxa3 30. Rxb5 Rd8 31. Rd1 Nd6 32. Rb6 Ne4 33. Rb7 Ra5
34. Rxf7+ Kh8 35. c4 Nd6 36. Rc7 Ne8 37. Rc6 Ra7 38. e4 Rad7 39. e5 Nc7 40. e6
1-0

[Event "Mitropa Cup (Women) 7th"]
[Site "Chur"]
[Date "2010.05.31"]
[Round "3"]
[White "Schink, Barbara"]
[Black "Flear, Christine"]
[Result "1/2-1/2"]
[WhiteElo "2063"]
[BlackElo "2170"]
[PlyCount "96"]
[EventDate "2010.05.29"]
[EventType "team-tourn"]
[EventRounds "9"]
[EventCountry "SUI"]
[Source "ChessBase"]
[SourceDate "2010.07.02"]
[WhiteTeam "Austria (W)"]
[BlackTeam "France (W)"]
[WhiteTeamCountry "AUT"]
[BlackTeamCountry "FRA"]

1. e4 c5 2. Nf3 e6 3. d4 cxd4 4. Nxd4 a6 5. Nc3 Qc7 6. Be2 Nf6 7. O-O Bb4 8.
Qd3 Nc6 9. Nxc6 bxc6 10. f4 d5 11. e5 Nd7 12. Na4 O-O 13. c4 Nc5 14. Nxc5 Bxc5+
15. Kh1 f6 16. cxd5 cxd5 17. exf6 Rxf6 18. Bd2 Qf7 19. g3 Bb7 20. Bf3 e5 21.
fxe5 Rxf3 22. Rxf3 d4 23. Kg2 Rf8 24. Raf1 Bd5 25. b3 Qh5 26. e6 Qe5 27. Kg1
Rxf3 28. Rxf3 Qxe6 29. Rf2 g6 30. Re2 Qg4 31. Be1 Qxe2 32. Qxe2 d3+ 33. Qf2
Bxf2+ 34. Kxf2 Be6 35. Ke3 Bf5 36. Kd4 Kf7 37. Kc5 g5 38. a4 Be6 39. b4 Bb3 40.
b5 axb5 41. axb5 Ke6 42. b6 Bd5 43. Kd4 Kd6 44. Kxd3 g4 45. Bf2 Kc6 46. Bd4 Bf3
47. Ke3 Bd1 48. Kf4 Be2 1/2-1/2